Proteinurie - patogeneze a klasifikace

Bibliographic Details
Main Author: Engliš, Miroslav (Author)
Format: Article
Language:Slovak
Czech
PhysicalDescription:Res. rus., nem., angl.
Subjects:

MARC

LEADER 00000nab a2200000 a 4500
001 vtls000129005
003 SK-MaSNL
005 20260304205103.0
008 250422c1982 xo 0 slo
015 |a SNBRB19rr/mm-uuuuu 
035 |a CL0139110 
035 |a urn:nbn:sk:snk-abczjl 
035 |a (urnnbn)urn:nbn:sk:snk:ar-007k45 
035 |a (uuid)51753a48-acca-4877-b5aa-1185663b9c84 
040 |a SNKBUCL  |b slo  |c SNKBUCL  |e AACR2 
041 0 |a cze 
044 |a xo  |c SK 
080 |a 616.6  |2 1981 
080 |a 547  |2 1981 
100 1 |a Engliš, Miroslav  |4 aut  |9 291658 
245 1 0 |a Proteinurie - patogeneze a klasifikace  |c M. Engliš 
300 |b Res. rus., nem., angl. 
650 0 7 |a proteinúria  |2 snkbucl  |9 16777 
655 7 |a články z novín a časopisov  |2 snkbucl  |9 267496 
773 0 |t Biochemia clinica bohemoslovaca  |g Roč. 11, č. 3 (1982), s. 203-210 
850 |a Slovenská národná knižnica 
852 |a Slovenská národná knižnica 
954 |a odborná, vedecká literatúra cudzojazyčná (svetová)  |2 lita 
958 |a article17 
958 |a OND 
958 |a RK 
958 |a MI 
958 |a CZ 
958 |a EUIPO 
992 |a RBX 
999 |c 3119213  |d 3121143